| 000 | 00825nam a22002897a 4500 | ||
|---|---|---|---|
| 003 | dpl | ||
| 005 | 20240724115242.0 | ||
| 008 | 240305b |||||||| |||| 00| 0 eng d | ||
| 010 | _aENG-140953 | ||
| 020 | _c875.00 | ||
| 035 | _aEN-124485 | ||
| 035 | _aEN-124485 | ||
| 035 | _aEN-124485 | ||
| 037 | _bDBAD | ||
| 040 | _c. | ||
| 082 | _a658.102654 | ||
| 100 |
_aCS Zad . N.S AND CS Bajpai Divya _962808 |
||
| 245 | _aCompany Law / | ||
| 260 |
_aNew Delhi _bTaxmann Publication _c2022 |
||
| 270 |
_a21/35 West Punjabi Bhag _bNew Delhi _e110026 |
||
| 300 |
_aP.26Pages _c27cm,(hb) |
||
| 700 |
_aDevanshu Gupta _962809 _eAuthor |
||
| 700 |
_aC.Raghunathan _962810 _eAuthor |
||
| 700 |
_aSanjeev Kumar _962811 _eAuthor |
||
| 700 |
_aJagdish Saini _962818 |
||
| 942 |
_2ddc _cEN _h577.68095492 _mCHA |
||
| 999 |
_c204345 _d204345 |
||